000
00303nam a22001337a 4500
020
_a
0-552-99383-2
082
_a
823
_b
MAU/S
100
_a
MAUPIN, ARMISTEAD
245
_a
SIGNIFICANT OTHERS
260
_a
GREAT BRITAIN
_b
BLACK SWAN
_c
1990
300
_a
315
650
_a
NOVEL
_z
GREAT BRITAIN
942
_c
BK
999
_c
3525
_d
3525